000 02840nam0a2200445 4500
001 RU\NLR\BIBL_A\012898067
005 20230215141622.0
021 _aRU
_bКН-П-22-056100
_9КН-П-22-4868
029 1 0 _aRU
_b59115.15-2021
_cГОСТ Р
035 _a(NLR Aleph) 012898067
035 _a(RuMoRGB)011185236
090 _a12571983
_c12571983
100 _a20220928d2022 k y0rusy50 ca
101 0 _arus
102 _aRU
105 _aa l 000|y
181 1 _ai
_b e
182 1 _an
200 1 _aОбоснование прочности оборудования и трубопроводов атомных энергетических установок
_iРасчет на прочность типовых узлов трубопроводов
_dRules for strengh assessment of equipment and pipelines of nuclear power installations. Strength analysis of typical pipelines components
_zeng
_eГОСТ Р 59115.15-2021
_fразработан: Ордена Ленина Научно-исследовательским и конструкторским институтом энерготехники имени Н. А. Доллежаля
_eвведен впервые
203 _aТекст
_bвизуальный
_cнепосредственный
205 _aИзд. офиц.
210 _aМосква
_cРоссийский институт стандартизации
_d2022
215 _aIV, 49 с.
_cил.
_d29
225 1 _aНациональный стандарт Российской Федерации
_fФедеральное агентство по техническому регулированию и метрологии
239 _aВвед. 01.01.2022
320 _aБиблиогр.: с. 48 (1 назв.)
510 1 _aRules for strengh assessment of equipment and pipelines of nuclear power installations
_zeng
510 1 _aStrength analysis of typical pipelines components
_zeng
517 1 _aГОСТ Р 59115.15-2021
606 1 _aЯдерные силовые установки
_jСтандарты
_xТрубопроводы
_xРасчет на прочность
_92536903
_3RU\NLR\AUTH\6601715817
675 _a621.039.5(083.74)
_v4
686 _a31.46я86
_v2000
_2rubbks
686 1 _aЗ470.5-028.4я861
712 0 1 _4725
_aРоссийская Федерация
_bФедеральное агентство по техническому регулированию и метрологии
_9630205
_3RU\NLR\AUTH\8810064304
712 0 2 _4900
_aНаучно-исследовательский и конструкторский институт энерготехники им. Н. А. Доллежаля
_cМосква
_9372938
_3RU\NLR\AUTH\889939027
942 _cBOOK
980 _aNB